00752nam a2200193 a 450000100100000000500170001000800410002702000150006804000250008310000250010824500680013326000350020130000340023650000210027050400340029195201050032595201110043099900170054100004087920201002034439.0130910s1995 pr ab 001 0 spa d a0275952282 aDO-SdBNPbspacBNPHU1 aMorris, Nancy96730710aPuerto Rico :bculture, politics, and identity /cNancy Morris. aPuerto Rico :bPraeger,c1995. axii, 205 p. :bmaps ;c24 cm. aIncluye índice aBibliografía : p. [187]-198 001050718MOaGRbGRcCTd2013-09-10iLF1l0o p40879-10r2020-06-25w2020-06-25y1ZNo se presta 001050718MOaGRbGRcCTd2013-09-10iLF1l0o p40879-20r2020-06-25te. 2w2020-06-25y1ZNo se presta c40369d40369